Statistiques concernant Hearthstone: Hero Powers

Cliquez ici pour prendre le quiz!

Statistiques générales

  • Ce quiz a été pris 10 fois
  • Le résultat moyen est 3 sur 10

Statistiques - réponses

Réponse% Correct
DémonisteConnexion
56%
ChamanAppel totémique
33%
MageExplosion de feu
33%
GuerrierGain d'armure
33%
PaladinRenfort
33%
PrêtreSoins inférieurs
33%
ChasseurTir assuré
33%
DruideChangeforme
22%
Chasseur de démonsGriffes de démons
22%
VoleurMaîtrise des dagues
22%

Distribution des résultats

Percentile par nombre de réponses

% des personnes avec chaque résultat

Votre développement - résultats

Vous n’avez pas pris ce quiz